TEXTBOOK OF APPLIED ELECTRONICS (Record no. 724852)

MARC details
000 -LEADER
fixed length control field 00240nam a2200097Ia 4500
008 - FIXED-LENGTH DATA ELEMENTS--GENERAL INFORMATION
fixed length control field 230508s2008 xx 000 0 und d
041 ## - LANGUAGE CODE
Language code of text/sound track or separate title eng
100 ## - MAIN ENTRY--PERSONAL NAME
Personal name SEDHA R S
245 ## - TITLE STATEMENT
Title TEXTBOOK OF APPLIED ELECTRONICS
260 ## - PUBLICATION, DISTRIBUTION, ETC.
Name of publisher, distributor, etc. S CHAND
Date of publication, distribution, etc. 2008
Date of manufacture 2008

No items available.